The aerial hunters : birds /

Provides brief descriptions of predatory birds.

Bibliographic Details
Main Author: Bramwell, Martyn
Corporate Author: National Wildlife Federation
Format: Book
Language:English
Published: New York : Facts on File, [1989]
Series:Encyclopedia of the animal world.
Subjects:

MARC

Tag First Indicator Second Indicator Subfields
LEADER 00000cam a2200000 a 4500
001 in00000915528
005 20150924124307.0
008 881103s1989 nyua j b 00110 eng
010 |a  88033319  
020 |a 0816019630 
035 |a (OCoLC)18834314 
035 |9 AEP0906AM 
040 |a DLC  |c DLC  |d TXA  |d UtOrBLW 
049 |a [Curr Col] TXAM  |c [A12980378] 
050 0 0 |a QL696.F3  |b B73 1989 
082 0 0 |a 598/.91  |2 19 
100 1 |a Bramwell, Martyn. 
245 1 4 |a The aerial hunters :  |b birds /  |c Martyn Bramwell. 
264 1 |a New York :  |b Facts on File,  |c [1989] 
264 4 |c ©1989 
300 |a 96 pages :  |b illustrations (some color) ;  |c 29 cm. 
336 |a text  |b txt  |2 rdacontent 
337 |a unmediated  |b n  |2 rdamedia 
338 |a volume  |b nc  |2 rdacarrier 
490 1 |a The Encyclopedia of the animal world 
500 |a "An Equinox book." 
500 |a "Endorsed by the National Wildlife Federation"--Cover. 
504 |a Includes bibliographical references (page 96) and indexes. 
520 |a Provides brief descriptions of predatory birds. 
650 0 |a Birds of prey  |v Juvenile literature. 
650 1 |a Birds of prey. 
710 2 |a National Wildlife Federation. 
740 0 |a Birds, the aerial hunters. 
830 0 |a Encyclopedia of the animal world. 
999 |a MARS 
999 f f |s d72ea683-9994-3b40-908d-08a884b5a831  |i 092d2dbf-f567-30c9-ab65-703545feacb1  |t 0 
952 f f |p normal  |a Texas A&M University  |b College Station  |c Sterling C. Evans Library  |d Evans: Curriculum Collection (4th floor)  |t 0  |e QL696.F3 B73 1989  |h Library of Congress classification  |i unmediated -- volume  |m A14812980378 
998 f f |a QL696.F3 B73 1989  |t 0  |l Evans: Curriculum Collection (4th floor)